Населённые пункты г.о. Домодедово в XIV - XIX веках. Даты первого упоминания. (Запись № 12800196)

Подробности
000 -МАРКЕР
контрольное поле 01470nem0a2200277 4500
001 - ИДЕНТИФИКАТОР ЗАПИСИ
контрольное поле RU\NLR\BIBL_A\022118604
005 - ИДЕНТИФИКАТОР ВЕРСИИ
контрольное поле 20250625125744.0
035 ## - ДРУГИЕ СИСТЕМНЫЕ НОМЕРА
Идентификатор записи (NLR Aleph) 022118604
100 ## - ДАННЫЕ ОБЩЕЙ ОБРАБОТКИ
Данные общей обработки 20240129d2024 |||y0rusy50 ca
101 0# - ЯЗЫК РЕСУРСА
Язык текста, звукозаписи и т.д. русский
102 ## - СТРАНА ПУБЛИКАЦИИ ИЛИ ПРОИЗВОДСТВА
Страна публикации российская федерация
120 ## - ПОЛЕ КОДИРОВАННЫХ ДАННЫХ: КАРТОГРАФИЧЕСКИЕ МАТЕРИАЛЫ - ОБЩИЕ ХАРАКТЕРИСТИКИ
Кодированные данные о картографическом материале (общие) byb xx||
123 0# - ПОЛЕ КОДИРОВАННЫХ ДАННЫХ: КАРТОГРАФИЧЕСКИЕ МАТЕРИАЛЫ - МАСШТАБ И КООРДИНАТЫ
Тип масштаба a
200 1# - ЗАГЛАВИЕ И СВЕДЕНИЯ ОБ ОТВЕТСТВЕННОСТИ
Основное заглавие Населённые пункты г.о. Домодедово в XIV - XIX веках. Даты первого упоминания.
Общее обозначение материала Карты
Сведения, относящиеся к заглавию Карта - схема
Последующие сведения об ответственности Низамутдинов К.Ю.
206 ## - ОБЛАСТЬ СПЕЦИФИЧЕСКИХ СВЕДЕНИЙ: КАРТОГРАФИЧЕСКИЕ МАТЕРИАЛЫ - МАТЕМАТИЧЕСКИЕ ДАННЫЕ
Сведения о математических данных Б. м-ба
210 ## - ПУБЛИКАЦИЯ, РАСПРОСТРАНЕНИЕ И ДР.
Место издания, распространения и т.д. Домодедово
Имя издателя, распространителя и т. д. Б.и.
Дата издания, распространения и т.д. 2024
215 ## - ФИЗИЧЕСКАЯ ХАРАКТЕРИСТИКА
Специфическое обозначение материала и объем 1 к.
Другие сведения о физической характеристике 3 цв.
Размеры 42х21 см.
Сопроводительный материал Прил.: Низамутдинов К.Ю. Первые упоминания о населенных пунктах г. о. Домодедово в письменных и картографических источниках. (24 с.; 24х15 см)
509 01 - ЗАГОЛОВОК -СТРУКТУРИРОВАННОЕ ГЕОГРАФИЧЕСКОЕ ИЛИ ТЕМАТИЧЕСКОЕ НАИМЕНОВАНИЕ
Графика поля Кириллица
Географическое / тематическое наименование – начальный элемент ввода Домодедово,
Идентифицирующий признак – географическая принадлежность Московская обл.
Географический термин город
Системный номер авторитетной/нормативной записи 2634092
Идентификатор авторитетной / нормативной записи RU\NLR\auth_crt\55920
606 1# - НАИМЕНОВАНИЕ ТЕМЫ КАК ПРЕДМЕТ
Наименование темы Населенные места
Формальный подзаголовок Карты
Географический подзаголовок Московская губерния
Системный номер авторитетной/нормативной записи 2537400
Идентификатор авторитетной/нормативной записи RU\NLR\AUTH\661502481
607 ## - ГЕОГРАФИЧЕСКОЕ НАИМЕНОВАНИЕ КАК ПРЕДМЕТ
Географическое наименование Домодедовский район (Московская область)
Формальный подзаголовок Карты
Тематический подзаголовок История
Системный номер авторитетной/нормативной записи 2355842
Идентификатор авторитетной/нормативной записи RU\NLR\AUTH\661407157
702 #1 - ИМЯ ЛИЦА - ВТОРИЧНАЯ ОТВЕТСТВЕННОСТЬ
Начальный элемент ввода Низамутдинов
Часть имени, кроме начального элемента ввода К.Ю.
Код отношения Автор
852 ## - МЕСТОНАХОЖДЕНИЕ И ШИФР ХРАНЕНИЯ
Идентификатор организации NLR
Наименование фонда или коллекции (Sub-Location Identifier) К
Шифр хранения (Call Number) 4-Цтр 6/2269
Идентификатор единицы 91731
Номер экземпляра 91732
942 ## - ДОПОЛНИТЕЛЬНЫЕ ЭЛЕМЕНТЫ ЗАПИСИ (АБИС)
Тип экземпляра АБИС Карта
980 ## - КОЛЛЕКЦИЯ
Название коллекции Национальная библиография
Экземпляры
Тип экземпляра Дата поступления Источник поступления Библиотека постоянного хранения Библиотека текущего хранения Место хранения Шифр хранения Штрих-код Статус не для выдачи
Карта 29.01.2024 Обязательный экземпляр РНБ (Садовая) РНБ (Садовая) Фонд картографических изданий К 4-Цтр 6/2269 1-4475016  
Карта 29.01.2024 Обязательный экземпляр РНБ (Садовая) РНБ (Садовая) Фонд картографических изданий К 4-Цтр 6/2269 1-4475017